000 01015nam a22002057a 4500
999 _c58386
_d58386
003 Ge_BSU
005 20211228133922.0
008 211228s2013 ge ||||| |||| 00| 0 geo d
020 _a9789941024467
041 _ageo
080 _a348 : 27-745 ბ-72
100 _aბუმისი, პანაიოტის ი.
_913368
245 _aკანონიკური სამართალი /
_c პანაიოტის ი. ბუმისი ; [მთარგმნ. ირინე გარაყანიძე ; რედ.: ექვთიმე კოჭლამაზაშვილი, დეკანოზი იოანე მამნიაშვილი].
250 _a(მე-2 გადამუშ. გამოც.).
264 _aთბ. :
_bალილო,
_c2013.
300 _a227 გვ.;
_b 20 სმ.
500 _aპარალ. თავფურ. ბერძნ. ენ.
653 _aსაეკლესიო სამართალი
942 _2udc
_cBK